| 000 | 01984nam a22002537a 4500 | ||
|---|---|---|---|
| 999 |
_c63643 _d63643 |
||
| 003 | Ge_BSU | ||
| 005 | 20251120162131.0 | ||
| 008 | 251120s2024 ge |||||s|||| 00| 0 geo d | ||
| 020 | _a9789941345609 | ||
| 041 | _ageo | ||
| 080 | _a631.427.2 ნ-59 | ||
| 100 |
_aდავითაშვილი, მაგდა _926293 |
||
| 245 |
_aნიადაგის მიკრობიოცენოზის როლი კახეთის რეგიონში მუნიციპალური მყარი ნარჩენების ორგანული კომპონენტის კომპოსტირებაში : _c მაგდა დავითაშვილი, დარეჯან მარგალიტაშვილი, ლამარა ზუროშვილი, ნანა ბერძენიშვილი; რედაქტორი ლევან შავაძე იაკობ გოგებაშვილის სახ. თელავის სახელმწ. უნივერსიტეტი |
||
| 264 |
_aთბილისი : _bმერიდიანი, _c2024. |
||
| 300 |
_a156 გვ. : _bსურ., დიაგრ. ; _c30 სმ. |
||
| 504 | _aბიბლიოგრაფია: გვ. 151-152. | ||
| 653 | _aნიადაგის მიკრობიოლოგია. კომპოსტი | ||
| 700 |
_aმარგალიტაშვილი, დარეჯან _eავტორი _926294 |
||
| 700 |
_aზუროშვილი, ლამარა _eავტორი _926295 |
||
| 700 |
_aბერძენიშვილი, ნანა _eავტორი _926296 |
||
| 700 |
_aშავაძე, ლევან _eრედაქტორი _926297 |
||
| 710 |
_aიაკობ გოგებაშვილის სახ. თელავის სახელმწ. უნივერსიტეტი. _926298 |
||
| 942 |
_2udc _cBK |
||